• 首页
  • 本馆介绍
  • 公告通知
  • 最新文献
  • 馆藏检索
  • 电子资源
  • 读者导购
  • 参考咨询
  • 我的图书馆
  • 登录
  • 详细信息显示
  • 放入我的书架
  • 预约/预借图书
  • 作者相关作品
  • 分类相关作品
  • 丛书相关作品
  • 出版社相关作品

书目信息

  • 表格格式
  • 工作单格式
  • 卡片格式
题名:
邱学华尝试教学课堂艺术
    
 
作者: 邱学华 著
分册:  
出版信息: 北京   教育科学出版社  2000
页数: 309页
开本: 20cm
丛书名: 尝试教学理论研究丛书
单 册:
中图分类: G622.42
科图分类:
主题词: 课堂教学--教学研究
电子资源:
ISBN: 7-5041-2008-1
000 00716nam0 2200229 45
001 0312021432
005 20031219104122.3
010    @a7-5041-2008-1@dCNY16.00
100    @a20031202d2000 km y0chiy0120 ea
101 0  @achi
105    @a z 000yy
200 1  @a邱学华尝试教学课堂艺术@AQiu Xue Hua Chang Shi Jiao Xue Ke Tang Yi Shu@f邱学华著@FQiu Xue Hua Zhu
210    @a北京@c教育科学出版社@d2000
215    @a309页@d20cm
225    @a尝试教学理论研究丛书@f邱学华主编
410    @12001 @a尝试教学理论研究丛书
410    @1700 0@a邱学华@AQiu Xue Hua@4主编
606 0  @a课堂教学@x教学研究
690    @aG622.42@v4
701  0 @a邱学华@4著
801    @aCN@bTSTC@c20031202
905    @b329259-268@dG622.42@e124@f10
    
    邱学华尝试教学课堂艺术/邱学华著.-北京:教育科学出版社,2000
    309页;20cm.-(尝试教学理论研究丛书/邱学华主编)
    
    
    ISBN 7-5041-2008-1:CNY16.00
    
●
相关链接 在E读中查询图书 在五车中查询图书 在当当中查询图书 在豆瓣中查询图书


正题名:邱学华尝试教学课堂艺术     索取号:G622.42/124         预约/预借

序号 登录号 条形码 馆藏地/架位号 状态 备注
1 0329259   203292597   第四借阅区/ [索取号:G622.42/124] 在馆    
2 0329260   203292604   密集书库/ [索取号:G622.42/124] 在馆    
3 0329261   203292613   第四借阅区/ [索取号:G622.42/124] 在馆    
4 0329262   203292622   第四借阅区/ [索取号:G622.42/124] 在馆    
5 0329263   203292631   第四借阅区/ [索取号:G622.42/124] 在馆    
6 0329264   203292640   第四借阅区/ [索取号:G622.42/124] 在馆    
7 0329265   203292659   密集书库/ [索取号:G622.42/124] 在馆    
8 0329266   203292668   密集书库/ [索取号:G622.42/124] 在馆    
9 0329267   203292677   密集书库/ [索取号:G622.42/124] 在馆    
10 0329268   203292686   第一样本阅览室/ [索取号:G622.42/124] 在馆    
唐山师范学院图书馆 欢迎您!
大连网信软件有限公司© 版权所有